000 00965nam a2200277 i 4500
003 DO-SdBNP
005 20240903094626.0
007 ta
008 240903b2001 dr c|||| |||| 00| 0 spa d
020 _a9993483907
040 _aDO-SdBNP
_bspa
_cBNPHU
_erda
082 4 _222
245 0 0 _aPresencia de Pedro Henríquez Ureña :
_bescritos sobre el maestro /
_ccompiladores, Jorge Tena Reyes, Tomás Castro Burdiez
250 _aprimera edición
264 _aSanto Domingo :
_bEditorial Ciguapa,
_c2001.
300 _a594 páginas :
_bretratos ;
_c22 cm.
336 _atexto
_btxt
_2rdacontent
337 _asin mediación
_bn
_2rdamedia
338 _avolumen
_bnc
_2rdacarrier
500 _aIncluye referencias bibliográficas y notas al pie de las páginas
590 _aInventariado, 2024/BT
700 1 _aTena Reyes, Jorge,
_ecompilador
_4comp.
_98252
700 1 _aCastro Burdiez, Tomás,
_ecompilador
_4comp.
_985152
910 _aBtavárez
942 _2ddc
_cLBS1
999 _c57607
_d57607